000 01141nam a2200229 i 4500
001 165722
003 ES-MaACL
005 20250911063601.0
008 960520q1896 sp af |||| | spa d
100 1 _aStanley, Henry M.,
_d1841-1904
_9107904
245 1 3 _aEl Congo y la creación del estado independiente de este nombre
_b: historia de los trabajos y exploraciones verificados /
_cpor Enrique M. Stanley.
250 _aEspléndida edición, adornada con magníficos cromos, láminas sueltas, numerosos grabados intercalados en el texto y varios mapas...
260 _aBarcelona :
_bEspasa y Compañía,
_c[ca. 1896]
300 _aXXIV, 887 p., [29] h. de lám., 2 mapas pleg. :
_bil. ;
_c32 cm.
594 _aHenry Morton Stanley: seudónimo de John Rowlands.
596 _aPalau, XXII, 321999 fecha la obra hacia 1896.
651 4 _aCongo (República Democrática)-
_xHistoria.
_9166738
651 4 _aCongo-
_xDescripción.
_9155223
752 _aEspaña -
_dBarcelona
852 _aES-MaACL
_jB-2134
_z- Enc. editorial en tela roja con estampaciones en negro y dorado: "F. Jorba", deteriorada
999 _c165722
_d165722